Longest Rivers in the United States in the Map Quiz - Statistics

General Stats
  • This quiz has been taken 774 times
  • The average score is 8 of 10
Answers on the Map
Answers color-coded by a green-red scale on the quiz's map according to % correct below.
 
Answer Stats
Answer % Correct
Mississippi River
99%
Missouri River
95%
Colorado River
92%
Rio Grande
89%
Ohio River
83%
Arkansas River
71%
Yukon River
69%
Columbia River
61%
Snake River
58%
Red River
55%
No matching quizzes found
Score Distribution
Percent of People with Each Score
Percentile by Number Answered
Your Score History
You have not taken this quiz